00929nam a22001577a 450000100060000000300060000600500170001200800410002902000180007004000290008808200120011710000250012924500430015430000590019752005150025610022FISKH20260401112855.0260330b cb ||||| |||| 00| 0 eng d a9787517605683 aFISKHbchicFISKHdFISKH a628.925 a娜塔莉·马歇尔 a《消防车》/c娜塔莉·马歇尔 a10 unnumbered pages : bcolor illustrations ;c15 cm . a本书是“忙忙碌碌的救援系列”中的一本儿童绘本,主要介绍消防车以及消防员的工作。通过生动的图画和简单的文字,孩子可以了解消防车的功能、救火过程以及在紧急情况下如何帮助人们。 书中通常会展示: 消防车的结构和装备 消防员如何接到报警并出动 灭火和救援的过程 安全知识和基本常识 整体内容贴近生活,帮助儿童认识社会职业,同时培养安全意识和对他人的关爱。